/ مقدمہ علم الادویہ (Record no. 109385)

MARC details
000 -LEADER
fixed length control field 00766nam a22002297a 4500
005 - DATE AND TIME OF LATEST TRANSACTION
control field 20170123162353.0
010 ## - LIBRARY OF CONGRESS CONTROL NUMBER
LC control number A-835198
020 ## - INTERNATIONAL STANDARD BOOK NUMBER
Terms of availability 75.00
035 ## - SYSTEM CONTROL NUMBER
System control number A-835198
037 ## - SOURCE OF ACQUISITION
Source of stock number/acquisition Cen Lib / Ret
040 ## - CATALOGING SOURCE
Original cataloging agency DPL
Language of cataloging UR
082 ## - DEWEY DECIMAL CLASSIFICATION NUMBER
Classification number 615.54
Item number ق ر ے
100 ## - MAIN ENTRY--PERSONAL NAME
Personal name قریشی، احتشام الحق
9 (RLIN) 115945
245 ## - TITLE STATEMENT
Title / مقدمہ علم الادویہ
Statement of responsibility, etc احتشام الحق قریشی
246 ## - VARYING FORM OF TITLE
Title proper/short title Muqadma ilm-aladoiya /
Remainder of title by Aehtasham-al Haq Qureshi
260 ## - PUBLICATION, DISTRIBUTION, ETC. (IMPRINT)
Place of publication, distribution, etc نئی دہلی
Name of publisher, distributor, etc اعجاز پبلشنگ ہاؤس
Date of publication, distribution, etc 1995
270 ## - ADDRESS
Address دریا گنج
City نئی دہلی
300 ## - PHYSICAL DESCRIPTION
Extent 312p.
Dimensions 21cm (Hb)
650 ## - SUBJECT ADDED ENTRY--TOPICAL TERM
Topical term or geographic name as entry element میڈیکل ساینس
9 (RLIN) 646
650 ## - SUBJECT ADDED ENTRY--TOPICAL TERM
Topical term or geographic name as entry element Medical Science
9 (RLIN) 137597
942 ## - ADDED ENTRY ELEMENTS (KOHA)
Source of classification or shelving scheme Dewey Decimal Classification
Koha item type Urdu Bks
Classification part 615.54
Call number suffix ق ر ے
Holdings
Withdrawn status Lost status Damaged status Not for loan Home library Current library Date acquired Source of acquisition Cost, normal purchase price Total Checkouts Full call number Barcode Date last seen Copy number Cost, replacement price Price effective from Koha item type
        Central Library Central Library 09/03/2016 Cen Lib/Ref 75.00   615.54 ق ر ے A-835198 09/03/2016 1 75.00 09/03/2016 Urdu Bks

© Delhi Public Library
Hit Counter
free hit counter